Statistiques concernant Culture Générale - Série 1070

Cliquez ici pour prendre le quiz!

Statistiques générales

  • Ce quiz a été pris 40 fois
  • Le résultat moyen est 5 sur 10

Statistiques - réponses

QuestionRéponse% Correct
Quelle partie du visage démesurée, caractérise Cyrano de Bergerac dans l'oeuvre d'Edmond Rostand ?nez
97%
De quel petit insecte parasite la lente est-elle l'oeuf ?pou
92%
Depuis 1864, à quel pays appartiennent les îles Ioniennes ?Grèce
82%
De quoi parle-t-on, lorsque l'on dit d'un homme qu'il a : de belles bacchantes ? de ses ...moustaches
79%
D'après les bandes dessinées de Franquin, de quel pays est originaire le Marsupilami ?Palombie
32%
Au jeu du Nain jaune, quelle carte est le Nain jaune ?7 de carreau
29%
Dans la mythologie grecque, qui est la mère d'Oedipe ?Jocaste
24%
Quel est le nom du "gentil ti toutou" à qui s'adresse Richard Gotainer dans une de ses chansons ?Youki
21%
Quel mot anglais désigne le double arceau permettant de diriger une planche à voile ?wishbone
16%
A quel journaliste et producteur, prénommé Pierre, attribue-ton la création du premier journal télévisé français, en 1949 ?Pierre Sabbagh
16%

Distribution des résultats

Percentile par nombre de réponses

% des personnes avec chaque résultat

Votre développement - résultats

Vous n’avez pas pris ce quiz